Writing a Unix TM Device Driver

Guardado en:
Detalles Bibliográficos
Autor principal: Egan, Janet I.
Otros Autores: Teixeira, Thomas J.
Formato: Libro
Lenguaje:inglés
Publicado: New York Wiley 1988
Edición:1. ed.
Etiquetas: Agregar Etiqueta
Sin Etiquetas, Sea el primero en etiquetar este registro!

MARC

LEADER 00000nam a2200000 4500
001 c027360
005 20221219120831.0
041 0 |a eng 
044 |a US 
245 1 0 |a Writing a Unix TM Device Driver  |c Janet I. Egan, Thomas J. Teixeira 
250 |a 1. ed. 
264 1 |a New York  |b Wiley  |c 1988 
300 |a 357 s. 
100 1 |a Egan, Janet I. 
700 1 |a Teixeira, Thomas J.